30 Random Multiplications (2 digits x 1 digit) in 30 seconds - Statistics

General Stats
  • This quiz has been taken 5,357 times
  • The average score is 5 of 30
Answer Stats
_ x _ ANSWER % Correct
13 x 2 26
46%
11 x 2 22
43%
72 x 2 144
42%
41 x 2 82
40%
52 x 2 104
38%
31 x 2 62
38%
21 x 3 63
38%
66 x 2 132
37%
51 x 3 153
37%
56 x 2 112
36%
45 x 2 90
36%
32 x 3 96
36%
85 x 2 170
35%
12 x 3 36
35%
22 x 3 66
35%
24 x 3 72
35%
41 x 3 123
34%
13 x 3 39
34%
11 x 4 44
34%
18 x 3 54
34%
29 x 2 58
34%
74 x 2 148
33%
83 x 2 166
33%
51 x 4 204
33%
91 x 3 273
33%
15 x 2 30
33%
11 x 3 33
33%
26 x 2 52
33%
11 x 5 55
33%
54 x 2 108
32%
21 x 7 147
32%
91 x 2 182
32%
92 x 2 184
32%
36 x 2 72
32%
43 x 2 86
32%
49 x 2 98
32%
64 x 2 128
31%
44 x 3 132
31%
45 x 3 135
31%
52 x 3 156
31%
45 x 4 180
31%
81 x 5 405
31%
24 x 2 48
31%
33 x 2 66
31%
35 x 2 70
31%
38 x 2 76
31%
11 x 7 77
31%
33 x 3 99
31%
15 x 8 120
30%
31 x 4 124
30%
81 x 2 162
30%
95 x 2 190
30%
86 x 5 430
30%
15 x 3 45
30%
32 x 2 64
30%
16 x 5 80
30%
39 x 4 156
29%
42 x 4 168
29%
89 x 2 178
29%
98 x 2 196
29%
12 x 2 24
29%
92 x 3 276
29%
14 x 2 28
29%
41 x 8 328
29%
17 x 2 34
29%
78 x 5 390
29%
21 x 2 42
29%
18 x 4 72
29%
27 x 3 81
29%
17 x 5 85
29%
87 x 2 174
28%
62 x 4 248
28%
71 x 4 284
28%
98 x 4 392
28%
14 x 3 42
28%
12 x 4 48
28%
25 x 2 50
28%
12 x 5 60
28%
12 x 6 72
28%
15 x 5 75
28%
21 x 4 84
28%
11 x 9 99
28%
49 x 3 147
27%
84 x 2 168
27%
86 x 2 172
27%
63 x 3 189
27%
96 x 2 192
27%
97 x 2 194
27%
35 x 6 210
27%
73 x 3 219
27%
75 x 3 225
27%
38 x 6 228
27%
85 x 3 255
27%
31 x 9 279
27%
13 x 4 52
27%
28 x 2 56
27%
34 x 2 68
27%
29 x 3 87
27%
22 x 4 88
27%
51 x 2 102
26%
12 x 9 108
26%
59 x 2 118
26%
61 x 2 122
26%
62 x 2 124
26%
32 x 4 128
26%
67 x 2 134
26%
35 x 4 140
26%
73 x 2 146
26%
42 x 5 210
26%
51 x 5 255
26%
27 x 2 54
26%
19 x 3 57
26%
99 x 6 594
26%
11 x 6 66
26%
11 x 8 88
26%
13 x 7 91
26%
25 x 4 100
25%
24 x 5 120
25%
15 x 9 135
25%
68 x 2 136
25%
33 x 5 165
25%
93 x 2 186
25%
82 x 3 246
25%
91 x 4 364
25%
19 x 2 38
25%
76 x 5 380
25%
37 x 2 74
25%
44 x 2 88
25%
19 x 5 95
25%
37 x 3 111
24%
21 x 6 126
24%
63 x 2 126
24%
31 x 5 155
24%
41 x 4 164
24%
38 x 5 190
24%
34 x 7 238
24%
87 x 3 261
24%
74 x 4 296
24%
85 x 5 425
24%
23 x 2 46
24%
75 x 9 675
24%
31 x 3 93
24%
15 x 7 105
23%
42 x 3 126
23%
26 x 5 130
23%
69 x 2 138
23%
25 x 6 150
23%
79 x 2 158
23%
54 x 3 162
23%
57 x 3 171
23%
61 x 3 183
23%
24 x 8 192
23%
67 x 3 201
23%
62 x 5 310
23%
16 x 2 32
23%
65 x 5 325
23%
87 x 4 348
23%
41 x 9 369
23%
74 x 5 370
23%
99 x 4 396
23%
96 x 6 576
23%
75 x 8 600
23%
12 x 7 84
23%
16 x 6 96
23%
48 x 2 96
23%
58 x 2 116
22%
22 x 6 132
22%
35 x 5 175
22%
94 x 2 188
22%
36 x 6 216
22%
54 x 4 216
22%
48 x 5 240
22%
61 x 4 244
22%
41 x 6 246
22%
28 x 9 252
22%
86 x 3 258
22%
66 x 4 264
22%
58 x 5 290
22%
51 x 6 306
22%
66 x 6 396
22%
72 x 6 432
22%
17 x 4 68
22%
39 x 2 78
22%
42 x 2 84
22%
23 x 4 92
22%
34 x 3 102
21%
22 x 5 110
21%
55 x 2 110
21%
29 x 4 116
21%
16 x 9 144
21%
75 x 2 150
21%
77 x 2 154
21%
59 x 3 177
21%
69 x 3 207
21%
77 x 3 231
21%
58 x 4 232
21%
81 x 3 243
21%
73 x 4 292
21%
61 x 5 305
21%
35 x 9 315
21%
79 x 4 316
21%
69 x 7 483
21%
95 x 6 570
21%
79 x 9 711
21%
81 x 9 729
21%
91 x 9 819
21%
47 x 2 94
21%
14 x 7 98
21%
21 x 5 105
20%
35 x 3 105
20%
57 x 2 114
20%
33 x 4 132
20%
47 x 3 141
20%
71 x 2 142
20%
76 x 2 152
20%
27 x 6 162
20%
55 x 3 165
20%
44 x 4 176
20%
31 x 6 186
20%
27 x 7 189
20%
99 x 2 198
20%
43 x 5 215
20%
55 x 4 220
20%
38 x 7 266
20%
33 x 9 297
20%
51 x 7 357
20%
55 x 7 385
20%
22 x 2 44
20%
55 x 9 495
20%
99 x 5 495
20%
23 x 3 69
20%
14 x 5 70
20%
25 x 3 75
20%
28 x 3 84
20%
26 x 4 104
19%
36 x 3 108
19%
23 x 5 115
19%
17 x 7 119
19%
18 x 7 126
19%
19 x 7 133
19%
32 x 5 160
19%
82 x 2 164
19%
21 x 8 168
19%
88 x 2 176
19%
36 x 5 180
19%
22 x 9 198
19%
44 x 5 220
19%
31 x 8 248
19%
63 x 4 252
19%
45 x 6 270
19%
32 x 9 288
19%
56 x 6 336
19%
88 x 4 352
19%
18 x 2 36
19%
45 x 8 360
19%
95 x 4 380
19%
96 x 4 384
19%
97 x 4 388
19%
93 x 5 465
19%
16 x 3 48
19%
15 x 4 60
19%
16 x 4 64
19%
14 x 6 84
19%
18 x 5 90
19%
39 x 3 117
18%
27 x 5 135
18%
24 x 6 144
18%
38 x 4 152
18%
29 x 6 174
18%
62 x 3 186
18%
47 x 4 188
18%
21 x 9 189
18%
32 x 6 192
18%
31 x 7 217
18%
35 x 7 245
18%
88 x 3 264
18%
56 x 5 280
18%
95 x 3 285
18%
66 x 5 330
18%
83 x 4 332
18%
84 x 4 336
18%
49 x 8 392
18%
57 x 7 399
18%
51 x 8 408
18%
89 x 5 445
18%
78 x 6 468
18%
53 x 9 477
18%
62 x 8 496
18%
72 x 7 504
18%
65 x 8 520
18%
81 x 7 567
18%
85 x 7 595
18%
86 x 7 602
18%
76 x 8 608
18%
91 x 8 728
18%
19 x 4 76
18%
13 x 6 78
18%
15 x 6 90
18%
46 x 2 92
18%
38 x 3 114
17%
16 x 8 128
17%
65 x 2 130
17%
19 x 8 152
17%
17 x 9 153
17%
22 x 7 154
17%
22 x 8 176
17%
48 x 4 192
17%
39 x 5 195
17%
29 x 7 203
17%
34 x 6 204
17%
52 x 4 208
17%
45 x 5 225
17%
26 x 9 234
17%
44 x 6 264
17%
89 x 3 267
17%
55 x 5 275
17%
93 x 3 279
17%
54 x 6 324
17%
82 x 4 328
17%
43 x 8 344
17%
44 x 8 352
17%
71 x 5 355
17%
92 x 4 368
17%
47 x 8 376
17%
87 x 5 435
17%
51 x 9 459
17%
52 x 9 468
17%
68 x 7 476
17%
71 x 7 497
17%
88 x 6 528
17%
81 x 8 648
17%
99 x 7 693
17%
92 x 8 736
17%
97 x 8 776
17%
99 x 8 792
17%
89 x 9 801
17%
17 x 6 102
16%
53 x 2 106
16%
18 x 6 108
16%
27 x 4 108
16%
13 x 9 117
16%
46 x 3 138
16%
48 x 3 144
16%
78 x 2 156
16%
19 x 9 171
16%
43 x 4 172
16%
23 x 8 184
16%
37 x 5 185
16%
71 x 3 213
16%
72 x 3 216
16%
46 x 5 230
16%
79 x 3 237
16%
42 x 6 252
16%
32 x 8 256
16%
64 x 4 256
16%
52 x 5 260
16%
67 x 4 268
16%
41 x 7 287
16%
99 x 3 297
16%
78 x 4 312
16%
53 x 6 318
16%
55 x 6 330
16%
48 x 7 336
16%
69 x 5 345
16%
39 x 9 351
16%
42 x 9 378
16%
65 x 6 390
16%
53 x 8 424
16%
61 x 7 427
16%
48 x 9 432
16%
75 x 6 450
16%
91 x 5 455
16%
81 x 6 486
16%
61 x 8 488
16%
74 x 8 592
16%
92 x 7 644
16%
82 x 8 656
16%
12 x 8 96
16%
28 x 5 140
15%
37 x 4 148
15%
58 x 3 174
15%
64 x 3 192
15%
49 x 4 196
15%
25 x 8 200
15%
68 x 3 204
15%
41 x 5 205
15%
29 x 8 232
15%
83 x 3 249
15%
75 x 4 300
15%
47 x 7 329
15%
67 x 5 335
15%
86 x 4 344
15%
93 x 4 372
15%
75 x 5 375
15%
69 x 6 414
15%
71 x 6 426
15%
96 x 5 480
15%
54 x 9 486
15%
87 x 6 522
15%
61 x 9 549
15%
62 x 9 558
15%
14 x 4 56
15%
87 x 9 783
15%
88 x 9 792
15%
25 x 5 125
14%
14 x 9 126
14%
34 x 4 136
14%
36 x 4 144
14%
25 x 7 175
14%
33 x 6 198
14%
56 x 4 224
14%
57 x 4 228
14%
76 x 3 228
14%
33 x 7 231
14%
29 x 9 261
14%
69 x 4 276
14%
35 x 8 280
14%
59 x 5 295
14%
53 x 7 371
14%
64 x 6 384
14%
67 x 6 402
14%
82 x 5 410
14%
74 x 6 444
14%
57 x 8 456
14%
97 x 5 485
14%
56 x 9 504
14%
79 x 7 553
14%
91 x 7 637
14%
71 x 9 639
14%
78 x 9 702
14%
14 x 8 112
13%
29 x 5 145
13%
53 x 3 159
13%
46 x 4 184
13%
28 x 7 196
13%
27 x 8 216
13%
37 x 6 222
13%
78 x 3 234
13%
59 x 4 236
13%
34 x 8 272
13%
68 x 4 272
13%
96 x 3 288
13%
98 x 3 294
13%
37 x 8 296
13%
76 x 4 304
13%
63 x 5 315
13%
49 x 7 343
13%
63 x 6 378
13%
58 x 7 406
13%
83 x 5 415
13%
88 x 5 440
13%
63 x 7 441
13%
58 x 8 464
13%
17 x 3 51
13%
85 x 6 510
13%
64 x 8 512
13%
58 x 9 522
13%
66 x 8 528
13%
91 x 6 546
13%
69 x 8 552
13%
63 x 9 567
13%
67 x 9 603
13%
98 x 8 784
13%
99 x 9 891
13%
13 x 8 104
12%
28 x 4 112
12%
19 x 6 114
12%
17 x 8 136
12%
23 x 6 138
12%
26 x 6 156
12%
18 x 9 162
12%
23 x 9 207
12%
32 x 7 224
12%
46 x 6 276
12%
47 x 6 282
12%
57 x 5 285
12%
46 x 7 322
12%
44 x 9 396
12%
59 x 7 413
12%
54 x 8 432
12%
92 x 5 460
12%
95 x 5 475
12%
98 x 5 490
12%
83 x 6 498
12%
73 x 7 511
12%
86 x 6 516
12%
71 x 8 568
12%
97 x 6 582
12%
66 x 9 594
12%
87 x 7 609
12%
77 x 8 616
12%
69 x 9 621
12%
79 x 8 632
12%
13 x 5 65
12%
92 x 9 828
12%
24 x 4 96
12%
43 x 3 129
11%
26 x 7 182
11%
53 x 4 212
11%
49 x 5 245
11%
84 x 3 252
11%
65 x 4 260
11%
33 x 8 264
11%
94 x 3 282
11%
72 x 4 288
11%
49 x 6 294
11%
34 x 9 306
11%
77 x 4 308
11%
64 x 5 320
11%
68 x 5 340
11%
57 x 6 342
11%
52 x 7 364
11%
62 x 6 372
11%
94 x 4 376
11%
68 x 6 408
11%
55 x 8 440
11%
56 x 8 448
11%
65 x 7 455
11%
76 x 6 456
11%
77 x 6 462
11%
94 x 5 470
11%
82 x 6 492
11%
84 x 6 504
11%
74 x 7 518
11%
92 x 6 552
11%
93 x 6 558
11%
94 x 6 564
11%
83 x 7 581
11%
73 x 8 584
11%
89 x 7 623
11%
85 x 8 680
11%
98 x 7 686
11%
86 x 8 688
11%
89 x 8 712
11%
93 x 8 744
11%
95 x 8 760
11%
85 x 9 765
11%
26 x 3 78
11%
18 x 8 144
10%
23 x 7 161
10%
34 x 5 170
10%
74 x 3 222
10%
28 x 8 224
10%
43 x 6 258
10%
53 x 5 265
10%
36 x 8 288
10%
97 x 3 291
10%
42 x 7 294
10%
43 x 7 301
10%
39 x 8 312
10%
52 x 6 312
10%
45 x 7 315
10%
36 x 9 324
10%
81 x 4 324
10%
58 x 6 348
10%
54 x 7 378
10%
48 x 8 384
10%
56 x 7 392
10%
52 x 8 416
10%
84 x 5 420
10%
62 x 7 434
10%
75 x 7 525
10%
72 x 8 576
10%
65 x 9 585
10%
83 x 8 664
10%
74 x 9 666
10%
97 x 7 679
10%
97 x 9 873
10%
66 x 3 198
9%
26 x 8 208
9%
27 x 9 243
9%
59 x 6 354
9%
45 x 9 405
9%
49 x 9 441
9%
64 x 7 448
9%
79 x 6 474
9%
57 x 9 513
9%
68 x 8 544
9%
93 x 7 651
9%
96 x 7 672
9%
94 x 8 752
9%
56 x 3 168
8%
25 x 9 225
8%
39 x 6 234
8%
36 x 7 252
8%
37 x 7 259
8%
54 x 5 270
8%
37 x 9 333
8%
85 x 4 340
8%
38 x 9 342
8%
89 x 4 356
8%
72 x 5 360
8%
73 x 5 365
8%
77 x 5 385
8%
47 x 9 423
8%
59 x 8 472
8%
76 x 7 532
8%
89 x 6 534
8%
78 x 7 546
8%
98 x 6 588
8%
88 x 7 616
8%
78 x 8 624
8%
84 x 8 672
8%
76 x 9 684
8%
84 x 9 756
8%
96 x 8 768
8%
93 x 9 837
8%
24 x 7 168
7%
24 x 9 216
7%
47 x 5 235
7%
48 x 6 288
7%
38 x 8 304
7%
44 x 7 308
7%
46 x 8 368
7%
43 x 9 387
7%
79 x 5 395
7%
46 x 9 414
7%
73 x 6 438
7%
66 x 7 462
7%
59 x 9 531
7%
77 x 7 539
7%
82 x 7 574
7%
73 x 9 657
7%
94 x 7 658
7%
87 x 8 696
7%
83 x 9 747
7%
86 x 9 774
7%
96 x 9 864
7%
28 x 6 168
6%
65 x 3 195
6%
42 x 8 336
6%
67 x 7 469
6%
67 x 8 536
6%
68 x 9 612
6%
72 x 9 648
6%
94 x 9 846
6%
98 x 9 882
6%
39 x 7 273
5%
61 x 6 366
5%
63 x 8 504
5%
84 x 7 588
5%
95 x 7 665
5%
88 x 8 704
5%
82 x 9 738
5%
95 x 9 855
5%
16 x 7 112
4%
64 x 9 576
4%
77 x 9 693
4%
No matching quizzes found
Score Distribution
Percent of People with Each Score
Percentile by Number Answered
Your Score History
You have not taken this quiz